| 000 | 00528cam a22001932 4500 | ||
|---|---|---|---|
| 001 | 0000023904 | ||
| 005 | 20151217155235.0 | ||
| 008 | 130415s xx 000 0 eng d | ||
| 020 | _a0195738193 : | ||
| 040 |
_aKABU _cKABU |
||
| 100 | 1 |
_aAbdalla, Abdilatif. _@0000183677 |
|
| 245 | 1 | 0 |
_aSauti ya dhiki / _cAbdilatif Abdalla. |
| 250 | _a1st ed. | ||
| 260 |
_aNairobi : _bO. U. P., _c2012. |
||
| 300 | _axii, 131 p. | ||
| 852 | 1 | _9p320 KES | |
| 908 | _a130415 | ||
| 950 | _@1 | ||
| 999 |
_c12214 _d12214 |
||